000 00366nam a22001337a 4500
008 230704b xxu||||| |||| 00| 0 eng d
082 _a341.24
_bEAC
110 _bEast African Community
245 _aProceedings of the East African Legislative (EALA)
_bOfficial report (HANSARD)
_cVolume 2
260 _bEAC
_c2003
300 _a554p
440 _v2
942 _2ddc
_cBK
999 _c3838
_d3838